000 00596nam a2200193Ia 4500
003 GCL
008 140319s9999 xx 000 0 ara d
040 _aGCL /
_cGCL
082 0 4 _a398.2
_bا د
100 1 _aابراهيم احمد بخيت
245 1 0 _aدور الحكاية الشعبية فى التعليم /
_cابراهيم احمد بخيت
300 _a64 ص
490 _aسلسلة التراث الشعبى
_v0
650 0 4 _aالتعليم
650 0 4 _aالفولكلور
650 0 4 _aالادب الشعبى
650 0 4 _aالحكايات الشعبية
942 _2ddc
_cBK
999 _c51049
_d51049